[Event "WYCC 2018 O14"]
[Site "Halkidiki"]
[Date "2018.10.21"]
[Round "3"]
[White "Mishra, Abhimanyu"]
[Black "Cardoso Cardoso, Jose Gabriel"]
[Result "0-1"]
[WhiteElo "2149"]
[BlackElo "2313"]
[Annotator "NA"]
[PlyCount "146"]
[EventDate "2018.10.20"]
[EventType "swiss"]
[EventCountry "GRE"]
[SourceTitle "playchess.com"]
[Source "ChessBase"]
[SourceQuality "1"]
[TimeControl "40/5400+30:1800+30"]

1. e4 {[%emt 0:00:00]} c5 {[%emt 0:00:15]} 2. Nf3 {[%emt 0:00:00]} d6 {[%emt 0:00:07]} 3. d4 {[%emt 0:00:00]} cxd4 {[%emt 0:00:47]} 4. Nxd4 {[%emt 0:00:00]} Nf6 {[%emt 0:00:05]} 5. Nc3 {[%emt 0:00:00]} a6 {[%emt 0:00:10]} 6. h3 {[%emt 0:00:23]} e6 {[%emt 0:00:57]} 7. g4 {[%emt 0:00:25]} h6 {[%emt 0:00:09]} 8. Bg2 {[%emt 0:02:12]} g5 {[%emt 0:00:34]} 9. Be3 {[%emt 0:04:10] B81: Sicilian Scheveningen: Keres Attack} Nbd7 {[%emt 0:00:53]} 10. Qe2 {[%emt 0:04:38]} Ne5 {[%emt 0:01:33]} 11. O-O-O {[%emt 0:05:00]} Nfd7 {[%emt 0:01:54]} 12. h4 {[%emt 0:07:28]} Rg8 {[%emt 0:01:17]} 13. hxg5 {[%emt 0:02:10] LiveBook: 5 Games} hxg5 {[%emt 0:00:11]} 14. Rh5 {[%emt 0:06:43]} (14. Kb1 b5 15. f4 gxf4 16. Bxf4 Bb7 {½-½ (56) Karjakin,S (2773)-Mamedyarov,S (2801) Saint Louis 2018}) 14... b5 {[%emt 0:09:31]} 15. Rdh1 {[%emt 0:08:55] [#]} Bb7 $146 {[%emt 0:19:10]} ({Predecessor:} 15... Qf6 16. Nf3 Nxf3 17. Qxf3 Qxf3 18. Bxf3 Ne5 {½-½ (18) Mihok,O (2443)-Flumbort,A (2503) Budapest 2012}) 16. Rh8 {[%emt 0:11:31]} Rxh8 {[%emt 0:04:34]} 17. Rxh8 {[%emt 0:00:04]} Nc4 {[%emt 0:12:54]} 18. Kb1 {[%emt 0:15:57]} Nxe3 {[%emt 0:09:29]} 19. Qxe3 {[%emt 0:01:46]} Qf6 {[%emt 0:00:57]} 20. Rg8 {[%emt 0:07:42]} Ne5 {[%emt 0:00:54]} 21. Nf3 {[%emt 0:03:15]} Nxf3 {[%emt 0:05:35]} 22. Bxf3 {[%emt 0:05:41]} O-O-O {[%emt 0:00:12]} 23. Be2 {[%emt 0:00:59]} Bg7 {[%emt 0:05:28]} 24. Rxd8+ {[%emt 0:00:41]} Qxd8 {[%emt 0:00:02]} 25. f3 {[%emt 0:00:54]} Be5 {[%emt 0:00:46]} 26. a3 {[%emt 0:02:21]} Qf6 {[%emt 0:04:28]} 27. Qd3 {[%emt 0:01:27]} Kd7 {[%emt 0:02:50]} 28. Qe3 {[%emt 0:02:01]} Bd4 {[%emt 0:00:17]} 29. Qd3 {[%emt 0:01:09]} Ke7 {[%emt 0:00:27]} 30. Nd1 {[%emt 0:01:43]} Qe5 {[%emt 0:01:58]} 31. c3 {[%emt 0:01:32]} Bc5 {[%emt 0:00:24]} 32. c4 {[%emt 0:00:30]} b4 {[%emt 0:02:39]} 33. a4 {[%emt 0:01:11]} Bc6 {[%emt 0:01:17]} 34. Qc2 {[%emt 0:00:42]} a5 {[%emt 0:00:43]} 35. b3 {[%emt 0:01:32]} Qd4 {[%emt 0:03:02]} 36. Nb2 {[%emt 0:00:52]} Qg1+ {[%emt 0:01:40]} 37. Qc1 {[%emt 0:00:27]} f5 {[%emt 0:03:59]} 38. exf5 {[%emt 0:00:56]} exf5 {[%emt 0:00:12]} 39. Qxg1 {[%emt 0:00:14]} Bxg1 {[%emt 0:00:02]} 40. Nd3 {[%emt 0:00:00]} Kf6 {[%emt 0:00:00]} 41. Kc2 {[%emt 0:09:06]} Be3 {[%emt 0:01:46]} 42. Kd1 {[%emt 0:05:10]} fxg4 {[%emt 0:03:04]} 43. fxg4 {[%emt 0:00:06]} Ke6 {[%emt 0:00:36]} 44. Kc2 {[%emt 0:04:05]} Be4 45. Kb2 {[%emt 0:04:07]} d5 {[%emt 0:02:18]} 46. Kc2 {[%emt 0:01:17]} Bd4 {[%emt 0:00:13]} 47. cxd5+ {[%emt 0:03:37]} Kxd5 {[%emt 0:00:17]} 48. Kd2 {[%emt 0:00:57]} Bh1 {[%emt 0:01:48]} 49. Bd1 {[%emt 0:02:52]} Ke4 {[%emt 0:00:36]} 50. Bc2 {[%emt 0:01:21]} Kf3 {[%emt 0:00:26]} 51. Bd1+ {[%emt 0:00:37]} Kg3 {[%emt 0:00:09]} 52. Nc1 {[%emt 0:00:30]} Be5 {[%emt 0:01:56]} 53. Nd3 {[%emt 0:00:46]} Bf4+ {[%emt 0:00:46]} 54. Nxf4 {[%emt 0:00:23]} Kxf4 {[%emt 0:01:17]} 55. Bc2 {[%emt 0:00:50]} Be4 {[%emt 0:00:05]} 56. Bd1 {[%emt 0:00:09]} Bf3 {[%emt 0:00:08]} 57. Bc2 {[%emt 0:00:19]} Bxg4 {[%emt 0:00:01]} 58. Bd3 {[%emt 0:00:47]} Be6 {[%emt 0:00:04]} 59. Bc2 {[%emt 0:00:43]} g4 {[%emt 0:00:05]} 60. Ke2 {[%emt 0:00:16]} g3 {[%emt 0:00:04]} 61. Kf1 {[%emt 0:00:44]} Bd5 {[%emt 0:00:10]} 62. Kg1 {[%emt 0:00:21]} Ke3 {[%emt 0:00:06]} 63. Kf1 {[%emt 0:00:28]} Kd2 {[%emt 0:00:14]} 64. Bf5 {[%emt 0:00:11]} Bxb3 {[%emt 0:00:06]} 65. Kg2 {[%emt 0:00:12]} Bxa4 {[%emt 0:00:04]} 66. Kxg3 {[%emt 0:00:11]} Bc2 {[%emt 0:00:06]} 67. Be6 {[%emt 0:00:08]} b3 {[%emt 0:00:06]} 68. Kf4 {[%emt 0:00:10]} a4 {[%emt 0:00:04]} 69. Ke5 {[%emt 0:00:13]} a3 {[%emt 0:00:02]} 70. Kd4 {[%emt 0:00:16]} a2 {[%emt 0:00:04]} 71. Kc5 {[%emt 0:00:08]} a1=Q {[%emt 0:00:09]} 72. Kd6 {[%emt 0:00:06]} b2 {[%emt 0:00:05]} 73. Bd5 {[%emt 0:00:05]} b1=Q 0-1

[Event "WYCC 2018 O14"]
[Site "Halkidiki"]
[Date "2018.10.21"]
[Round "3"]
[White "Krallis, Christos"]
[Black "Van Dael, Siem"]
[Result "1-0"]
[WhiteElo "2139"]
[BlackElo "2202"]
[Annotator "NA"]
[PlyCount "53"]
[EventDate "2018.10.20"]
[EventType "swiss"]
[EventCountry "GRE"]
[SourceTitle "playchess.com"]
[Source "ChessBase"]
[SourceQuality "1"]
[TimeControl "40/5400+30:1800+30"]

1. c4 {[%emt 0:01:20]} Nf6 {[%emt 0:00:00]} 2. g3 {[%emt 0:00:06]} g6 {[%emt 0:00:00]} 3. Bg2 {[%emt 0:00:05]} Bg7 {[%emt 0:00:00]} 4. Nc3 {[%emt 0:00:09]} O-O {[%emt 0:00:00]} 5. e4 {[%emt 0:00:20]} d6 {[%emt 0:00:00]} 6. Nge2 {[%emt 0:00:07]} c5 {[%emt 0:00:00]} 7. O-O {[%emt 0:00:16]} Nc6 {[%emt 0:00:00]} 8. d3 {[%emt 0:00:50]} a6 {[%emt 0:00:00]} 9. a3 {[%emt 0:00:07]} Rb8 {[%emt 0:00:06]} 10. Rb1 {[%emt 0:00:04]} Ne8 {[%emt 0:00:41] A36: Symmetrical English vs ...g6: 4 Bg2 Bg7} (10... b5 11. cxb5 axb5 12. b4 cxb4 13. axb4 e5 14. Be3 Be6 15. d4 Bc4 16. d5 Ne7 17. f3 Nd7 18. Qd2 f5 19. Ra1 Nf6 20. Bh3 Ra8 21. Rfc1 h5 22. Rxa8 Qxa8 {0-1 (63) Granda Zuniga,J (2646)-Lopez Martinez,J (2552) Lorca 2016}) 11. b4 {[%emt 0:03:05]} cxb4 {[%emt 0:00:26]} 12. axb4 {[%emt 0:00:06]} b5 {[%emt 0:00:04]} 13. cxb5 {[%emt 0:01:39]} axb5 {[%emt 0:00:06]} 14. Be3 {[%emt 0:02:36]} Nc7 {[%emt 0:02:03]} 15. f4 $146 {[%emt 0:04:58]} ({Predecessor:} 15. Qd2 Bg4 16. h3 Bxe2 17. Nxe2 e5 18. f4 exf4 19. gxf4 d5 20. Bc5 Re8 21. exd5 Nxd5 {1-0 (40) Soares,A (2209)-Barreto Filho,C (2300) Natal 2012}) 15... e5 {[%emt 0:03:27]} 16. d4 {[%emt 0:14:07]} Na6 {[%emt 0:07:56]} 17. dxe5 {[%emt 0:03:10]} dxe5 {[%emt 0:00:13]} 18. Nd5 {[%emt 0:00:24]} Be6 {[%emt 0:16:42]} 19. Qd2 $14 {[%emt 0:01:23]} Re8 {[%emt 0:03:46]} 20. Rfd1 {[%emt 0:19:00]} Bxd5 {[%emt 0:01:32]} 21. exd5 {[%emt 0:02:06]} exf4 {[%emt 0:03:04]} 22. dxc6 {[%emt 0:15:45]} fxe3 {[%emt 0:01:12]} 23. Qa2 {[%emt 0:00:26]} Nxb4 {[%emt 0:24:09]} 24. Qb3 {[%emt 0:01:21]} Qf6 {[%emt 0:01:20]} 25. Rf1 {[%emt 0:00:06]} Qe5 {[%emt 0:00:05]} 26. Qxb4 {[%emt 0:04:14]} Red8 {[%emt 0:00:32]} 27. Qb3 {[%emt 0:02:14]} 1-0

[Event "WYCC 2018 O14"]
[Site "Halkidiki"]
[Date "2018.10.21"]
[Round "3"]
[White "Munshi, Aditya"]
[Black "Trushko, Andrii"]
[Result "1-0"]
[WhiteElo "2133"]
[BlackElo "1906"]
[Annotator "NA"]
[PlyCount "85"]
[EventDate "2018.10.20"]
[EventType "swiss"]
[EventCountry "GRE"]
[SourceTitle "playchess.com"]
[Source "ChessBase"]
[SourceQuality "1"]
[TimeControl "40/5400+30:1800+30"]

1. e4 {[%emt 0:00:00]} e6 {[%emt 0:00:00]} 2. d4 {[%emt 0:00:00]} d5 {[%emt 0:00:16]} 3. Nd2 {[%emt 0:00:00]} Be7 {[%emt 0:00:58]} 4. Ngf3 b6 5. Bd3 {[%emt 0:05:21]} Bb7 {[%emt 0:02:32]} 6. e5 {[%emt 0:04:25]} c5 {[%emt 0:04:32]} 7. c3 {[%emt 0:00:22]} Qd7 {[%emt 0:05:56]} 8. Nf1 {[%emt 0:02:30]} Ba6 {[%emt 0:00:34]} 9. Ng3 {[%emt 0:05:50]} Bxd3 $14 {[%emt 0:01:47]} 10. Qxd3 {[%emt 0:01:57]} Nc6 {[%emt 0:08:51]} 11. O-O {[%emt 0:05:05]} c4 12. Qe3 {[%emt 0:03:49]} b5 {[%emt 0:01:46]} 13. Qf4 {[%emt 0:13:53]} a5 {[%emt 0:04:00]} 14. Qg4 {[%emt 0:10:01]} g6 {[%emt 0:00:07]} 15. h4 {[%emt 0:06:52]} a4 {[%emt 0:09:11]} 16. h5 {[%emt 0:03:40]} Bf8 {[%emt 0:03:52]} 17. Qh3 {[%emt 0:10:21]} Bh6 {[%emt 0:01:23]} 18. Rb1 {[%emt 0:08:58]} Na5 {[%emt 0:10:03]} 19. Nh2 {[%emt 0:01:32]} O-O-O {[%emt 0:19:52]} 20. Nf3 {[%emt 0:04:26]} Bxc1 {[%emt 0:01:37]} 21. Rfxc1 {[%emt 0:01:45]} Nh6 {[%emt 0:00:32]} 22. Nd2 {[%emt 0:00:53]} Nf5 {[%emt 0:00:11]} 23. Nxf5 {[%emt 0:00:50]} gxf5 {[%emt 0:00:05]} 24. b3 {[%emt 0:00:40]} axb3 {[%emt 0:04:00]} 25. axb3 {[%emt 0:00:17]} Nxb3 {[%emt 0:00:25]} 26. Nxb3 {[%emt 0:00:07]} cxb3 {[%emt 0:00:02]} 27. Rxb3 {[%emt 0:04:03]} Kc7 {[%emt 0:00:20]} 28. Rcb1 {[%emt 0:01:05]} Rb8 {[%emt 0:02:44]} 29. Qd3 {[%emt 0:00:33]} Rhc8 {[%emt 0:00:30]} 30. Rxb5 {[%emt 0:00:54]} Rxb5 {[%emt 0:00:04]} 31. Rxb5 {[%emt 0:00:46]} Kd8 {[%emt 0:00:10]} 32. Rb6 {[%emt 0:01:56]} Ke8 {[%emt 0:01:35]} 33. Qg3 {[%emt 0:02:13]} Qc7 {[%emt 0:04:43]} 34. Rb3 {[%emt 0:00:46]} h6 {[%emt 0:00:56]} 35. Qg8+ {[%emt 0:00:53]} Ke7 {[%emt 0:00:12]} 36. Qg7 {[%emt 0:00:09]} Qd7 {[%emt 0:03:59]} 37. Qf6+ {[%emt 0:00:54]} Ke8 {[%emt 0:00:04]} 38. Qh8+ {[%emt 0:00:14]} Ke7 {[%emt 0:00:04]} 39. Qf6+ {[%emt 0:00:09]} Ke8 {[%emt 0:00:04]} 40. Qxh6 Qa4 {[%emt 0:00:00]} 41. Rb7 {[%emt 0:04:29]} Qa3 {[%emt 0:01:27]} 42. Qh8+ {[%emt 0:00:35]} Qf8 {[%emt 0:00:05]} 43. Qf6 {[%emt 0:00:10]} 1-0

[Event "WYCC 2018 O14"]
[Site "Halkidiki"]
[Date "2018.10.21"]
[Round "3"]
[White "Risteski, Emil"]
[Black "Kouvidis, Ioannis"]
[Result "1-0"]
[WhiteElo "2120"]
[BlackElo "1896"]
[Annotator "NA"]
[PlyCount "41"]
[EventDate "2018.10.20"]
[EventType "swiss"]
[EventCountry "GRE"]
[SourceTitle "playchess.com"]
[Source "ChessBase"]
[SourceQuality "1"]
[TimeControl "40/5400+30:1800+30"]

1. e4 {[%emt 0:00:00]} c5 {[%emt 0:00:00]} 2. Nf3 {[%emt 0:00:00]} e6 {[%emt 0:00:00]} 3. d4 {[%emt 0:00:00]} cxd4 {[%emt 0:00:00]} 4. Nxd4 {[%emt 0:00:04]} Nf6 {[%emt 0:00:00]} 5. Nc3 {[%emt 0:00:04]} Nc6 6. Ndb5 {[%emt 0:08:30]} Bc5 {[%emt 0:00:08]} 7. Nd6+ {[%emt 0:02:27]} Ke7 {[%emt 0:00:02]} 8. Nxc8+ {[%emt 0:00:36]} Rxc8 {[%emt 0:00:09]} 9. Bd3 {[%emt 0:00:46]} h6 {[%emt 0:02:02]} 10. O-O {[%emt 0:01:10]} Re8 {[%emt 0:00:05]} 11. Kh1 {[%emt 0:08:34]} Kf8 {[%emt 0:00:13]} 12. f4 {[%emt 0:01:58]} d6 {[%emt 0:00:40]} 13. Qf3 {[%emt 0:01:28]} a6 14. Bd2 e5 {[%emt 0:25:40]} 15. Qh3 {[%emt 0:15:51]} Kg8 {[%emt 0:12:53]} 16. Rf3 {[%emt 0:07:35]} Qd7 {[%emt 0:03:37]} 17. f5 {[%emt 0:00:37]} Kh7 {[%emt 0:00:36]} 18. Qh4 {[%emt 0:00:46]} Qe7 {[%emt 0:01:11]} 19. Bg5 {[%emt 0:03:29]} Qf8 {[%emt 0:03:42]} 20. Bxf6 {[%emt 0:00:30]} gxf6 {[%emt 0:00:02]} 21. Nd5 {[%emt 0:00:23]} 1-0

[Event "WYCC 2018 O14"]
[Site "Halkidiki"]
[Date "2018.10.21"]
[Round "3"]
[White "Buonanno, Raffaele"]
[Black "Ngo, Duc Tri"]
[Result "0-1"]
[WhiteElo "2101"]
[BlackElo "1883"]
[Annotator "NA"]
[PlyCount "64"]
[EventDate "2018.10.20"]
[EventType "swiss"]
[EventCountry "GRE"]
[SourceTitle "playchess.com"]
[Source "ChessBase"]
[SourceQuality "1"]
[TimeControl "40/5400+30:1800+30"]

1. d4 {[%emt 0:00:00]} d5 {[%emt 0:01:42]} 2. c4 {[%emt 0:00:00]} c6 {[%emt 0:00:05]} 3. Nf3 Bf5 4. Nbd2 {[%emt 0:03:44]} e6 {[%emt 0:01:01]} 5. g3 {[%emt 0:00:24]} Nf6 {[%emt 0:02:04]} 6. Bg2 {[%emt 0:00:05]} Nbd7 {[%emt 0:00:51]} 7. O-O {[%emt 0:00:34]} Be7 {[%emt 0:00:12]} 8. b3 {[%emt 0:02:38]} O-O {[%emt 0:00:25]} 9. Bb2 {[%emt 0:03:22]} h6 {[%emt 0:00:08]} 10. Ne5 {[%emt 0:01:18]} a5 {[%emt 0:05:03]} 11. a3 {[%emt 0:05:36]} Qc7 {[%emt 0:08:21]} 12. Rc1 {[%emt 0:07:49]} Rfd8 13. e3 {[%emt 0:26:58]} Nxe5 {[%emt 0:04:02]} 14. dxe5 {[%emt 0:00:09]} Nd7 {[%emt 0:09:56]} 15. cxd5 {[%emt 0:00:25]} exd5 {[%emt 0:06:01]} 16. Nf3 {[%emt 0:01:35]} Be4 {[%emt 0:00:25]} 17. e6 {[%emt 0:01:39]} fxe6 {[%emt 0:00:10]} 18. Nd4 {[%emt 0:00:04]} Qe5 {[%emt 0:08:00]} 19. f4 {[%emt 0:02:50]} Qd6 {[%emt 0:03:22]} 20. Bxe4 {[%emt 0:02:28]} dxe4 {[%emt 0:02:27]} 21. Qg4 {[%emt 0:02:49]} Nf6 {[%emt 0:00:09]} 22. Qh3 {[%emt 0:04:30]} Kf7 {[%emt 0:01:34]} 23. g4 {[%emt 0:03:52]} c5 {[%emt 0:00:22]} 24. Nb5 {[%emt 0:01:57]} Qd3 {[%emt 0:00:18]} 25. Nc7 {[%emt 0:02:37]} Rac8 {[%emt 0:00:44]} 26. Be5 {[%emt 0:01:58]} Qe2 {[%emt 0:01:10]} 27. Bxf6 Bxf6 {[%emt 0:01:36]} 28. Rxc5 {[%emt 0:04:13]} Rd1 {[%emt 0:01:49]} 29. Rxd1 {[%emt 0:08:24]} Qxd1+ {[%emt 0:01:05]} 30. Kf2 {[%emt 0:00:18]} Rd8 {[%emt 0:00:32]} 31. g5 {[%emt 0:00:26]} Rd2+ {[%emt 0:00:07]} 32. Kg3 {[%emt 0:00:11]} Qg1+ {[%emt 0:00:03]} 0-1

[Event "WYCC 2018 O14"]
[Site "Halkidiki"]
[Date "2018.10.21"]
[Round "3"]
[White "Zhukenov, Aituar"]
[Black "Ozenir, Ekin Baris"]
[Result "0-1"]
[WhiteElo "2025"]
[BlackElo "2293"]
[Annotator "TA"]
[PlyCount "160"]
[EventDate "2018.10.20"]
[EventType "swiss"]
[EventCountry "GRE"]
[SourceTitle "playchess.com"]
[Source "ChessBase"]
[SourceQuality "1"]

{[%evp 20,160,19,16,37,22,19,15,23,9,33,11,23,23,17,29,31,25,24,16,30,14,27,21,24,26,68,60,93,66,60,79,79,21,41,25,189,43,79,18,16,0,0,-167,-170,-175,-170,-174,-174,-164,-160,-178,-174,-172,-90,-90,-69,-70,0,-91,-65,-66,-36,-59,-52,-93,-57,-325,-118,-369,-82,-82,-78,-76,-75,-77,-73,-89,-32,-64,-64,-58,-42,-76,-64,-75,-64,-64,-64,-71,-71,-71,-71,-74,-54,-58,0,-74,0,-50,-50,-60,-50,-66,-58,-58,-47,-47,-47,-45,-46,-46,-46,-50,-51,-45,-45,-53,-14,-406,-406,-12833,-12833,-12833,-12833,-12835,-12836,-12838,-12836,-12842,-12831,-12819,-12841,-12800,-12806,-12815,-12814,-4602,-12483,-11635,-9596,-8007,-7687]} 1. e4 e6 2. d4 d5 3. Nd2 c5 4. exd5 exd5 5. Ngf3 Nf6 6. Bb5+ Bd7 7. Bxd7+ Nbxd7 {[%cal Bb8d7,Bd7c5,Bc5e4][%mdl 32]} 8. O-O Be7 9. dxc5 Nxc5 10. Nb3 Nce4 11. Nbd4 Qc8 {C08: French Tarrasch: 3...c5 4 exd5 exd5 sidelines} (11... Nd6 12. b3 Nfe4 13. Bb2 Bf6 14. Qd3 Rc8 15. Rad1 O-O 16. Ba1 Qa5 17. a4 Rfe8 18. Rfe1 a6 19. h3 {0-1 (35) Van Foreest,J (2548)-Savchenko,B (2567) Berlin 2015}) 12. Bf4 O-O 13. c3 Bc5 {The position is equal.} 14. Qb3 $146 ({Predecessor:} 14. h3 Re8 15. Qd3 a6 16. Rad1 Ba7 17. Bd2 g6 18. Qb1 Re7 19. Qc1 {1-0 (45) Shubin,K (2165)-Gavrilov,A (2438) Voronezh 2015}) 14... a6 (14... Re8 {is interesting.} 15. Rae1 a5 16. Qa4 Nh5 17. Be3 Nhf6) 15. a4 (15. h3 {looks sharper.} Re8 16. Rad1 a5 17. a3 Ra6 18. Rfe1) 15... Bd6 (15... Nh5 {is more complex.} 16. Be3 Nhf6 17. h3 Qc7 18. Rad1 Rfe8) 16. Bxd6 Nxd6 17. Rfe1 Qc7 18. Rad1 Rad8 19. Nc2 Nc4 20. h3 Rd6 {White must now prevent ...Rb6.} 21. Nb4 a5 22. Nd3 Ne4 23. Qc2 Rf6 24. Nc1 Nb6 25. Ne2 Qd7 26. Rd4 (26. b3 $16) 26... Qf5 27. Qd3 Rg6 $2 {[#]} (27... Qc8 $11) 28. Kh2 (28. c4 $1 $18 {[%mdl 512]}) 28... Qf6 29. Rf1 (29. Qb5 $16) 29... h6 $11 30. Kh1 Re8 $40 {[%mdl 128] White needs to defend precisely.} 31. Ng3 $2 (31. Qb5 $11 {and White is okay.} Qc6 32. Nf4) 31... Rxg3 $1 $19 ({Much less strong is} 31... Nxg3+ 32. fxg3 Rxg3 33. b3 $15) 32. fxg3 Nxg3+ 33. Kg1 Nxf1 34. Qxf1 Qc6 $1 35. Qd1 Nc4 36. b3 Nb6 (36... Ne3 $19 37. Qd3 Qc7) 37. Qd2 Rc8 38. Rd3 Re8 ({Black should try} 38... Qc5+ $15 39. Kh1 Re8) 39. Qf4 (39. Rd4 $1 $11 {remains equal.}) 39... Qc5+ 40. Nd4 Qe7 41. Rg3 Qe5 42. Qf3 {next Nf5 is good for White.} Qe4 43. Qh5 $2 {[%mdl 8192]} ({White should play} 43. Qxe4 $15 dxe4 44. Nf5) 43... Re5 $2 (43... Qb1+ $1 $19 44. Kh2 Re1) 44. Qf3 $2 {[%mdl 8192]} (44. Qd1 $17) 44... Qxf3 $2 (44... Qb1+ $1 $19 {and Black stays clearly on top.} 45. Kh2 Re1) 45. Rxf3 {[%mdl 4096] Endgame KRN-KRN} Nd7 46. b4 Nb6 47. bxa5 Nxa4 48. Nb5 {[#]} Re6 (48... d4 $1 $17 {[%mdl 512]} 49. Nxd4 Rxa5) 49. Nc7 Rd6 50. Rd3 Nc5 51. Rd1 Nb3 52. Nxd5 Kh8 53. Rb1 Nxa5 54. Rb5 Nc4 55. Kf2 b6 56. Rb4 Ne5 57. Rb5 Nc4 58. Rb4 $1 Ne5 59. Rb5 Nd7 60. Ke3 f5 61. g4 fxg4 62. hxg4 Rg6 63. Kf4 Rg5 64. c4 Ne5 65. Nxb6 Nxc4 $1 66. Rb4 Ne5 67. Kg3 $1 Rg6 68. Nd5 h5 69. Ne3 $2 {[%mdl 8192] [#]} (69. Re4 $11 {and White has nothing to worry.}) 69... Nxg4 $1 70. Nxg4 {KRN-KR} (70. Nd1 $142 Ne3+ 71. Kh4 Nxd1 72. Kxh5) 70... Kh7 {Black is clearly winning.} 71. Rb5 Rxg4+ {KR-KR} 72. Kh3 g6 73. Ra5 Kh6 74. Rb5 Ra4 75. Rc5 Ra3+ 76. Kh2 h4 77. Rc8 Kh5 78. Rc4 g5 79. Rc2 h3 80. Rb2 Kh4 {Precision: White = 35%, Black = 46%.} 0-1

[Event "WYCC 2018 O14"]
[Site "Halkidiki"]
[Date "2018.10.21"]
[Round "3"]
[White "Stremavicius, Pijus"]
[Black "Gines Esteo, Pedro Antonio"]
[Result "0-1"]
[WhiteElo "2024"]
[BlackElo "2288"]
[Annotator "NA"]
[PlyCount "90"]
[EventDate "2018.10.20"]
[EventType "swiss"]
[EventCountry "GRE"]
[SourceTitle "playchess.com"]
[Source "ChessBase"]
[SourceQuality "1"]
[TimeControl "40/5400+30:1800+30"]

1. d4 {[%emt 0:00:00]} d6 {[%emt 0:00:39]} 2. e4 {[%emt 0:00:00]} g6 {[%emt 0:00:36]} 3. Nc3 {[%emt 0:00:56]} Bg7 {[%emt 0:00:07]} 4. f4 {[%emt 0:00:02]} c6 {[%emt 0:06:46]} 5. Nf3 {[%emt 0:02:20]} d5 {[%emt 0:02:51]} 6. e5 {[%emt 0:00:40]} h5 {[%emt 0:02:36]} 7. Bd3 {[%emt 0:01:25]} Nh6 {[%emt 0:00:08]} 8. O-O {[%emt 0:00:45]} Bf5 {[%emt 0:07:07]} 9. Ne2 {[%emt 0:05:12]} Qb6 {[%emt 0:02:57]} 10. Be3 {[%emt 0:04:03]} Ng4 {[%emt 0:02:12]} 11. Bc1 {[%emt 0:03:54]} Bxd3 {[%emt 0:07:25]} 12. Qxd3 {[%emt 0:00:18]} e6 {[%emt 0:00:16]} 13. a4 {[%emt 0:02:17]} Bf8 {[%emt 0:02:06]} 14. h3 {[%emt 0:06:33]} Nh6 {[%emt 0:00:36]} 15. Be3 {[%emt 0:00:13]} Nf5 {[%emt 0:02:39]} 16. Bf2 {[%emt 0:00:05]} h4 $14 {[%emt 0:00:05]} 17. c4 {[%emt 0:02:33]} dxc4 {[%emt 0:08:57]} 18. Qxc4 {[%emt 0:01:47]} Na6 {[%emt 0:02:22]} 19. a5 {[%emt 0:03:22]} Qd8 {[%emt 0:07:46]} 20. Rfb1 {[%emt 0:04:54]} Be7 {[%emt 0:05:40]} 21. b4 {[%emt 0:01:20]} Nc7 {[%emt 0:02:02]} 22. Nc3 {[%emt 0:00:55]} a6 {[%emt 0:00:21]} 23. Nd2 {[%emt 0:01:58]} Kf8 {[%emt 0:03:58]} 24. Nb3 {[%emt 0:01:58]} Kg7 {[%emt 0:01:14]} 25. Rd1 {[%emt 0:02:41]} Rb8 {[%emt 0:02:50]} 26. Nc5 {[%emt 0:00:29]} Qc8 {[%emt 0:03:17]} 27. Rd3 {[%emt 0:03:19]} Rd8 {[%emt 0:01:33]} 28. Rb1 {[%emt 0:02:31]} Nd5 {[%emt 0:05:10]} 29. Nxd5 {[%emt 0:00:22]} Rxd5 {[%emt 0:00:51]} 30. Na4 {[%emt 0:00:29]} Qf8 {[%emt 0:06:43]} 31. Nb6 {[%emt 0:02:24]} Rdd8 {[%emt 0:00:19]} 32. Rf3 {[%emt 0:00:35]} Kh8 {[%emt 0:01:15]} 33. Rbb3 {[%emt 0:01:13]} Kh7 {[%emt 0:00:20]} 34. Rb1 {[%emt 0:00:29]} Qg7 {[%emt 0:02:47]} 35. Kh2 {[%emt 0:01:08]} Rg8 {[%emt 0:01:42]} 36. Rg1 {[%emt 0:00:21]} Rbd8 {[%emt 0:00:25]} 37. Na4 {[%emt 0:00:30]} Rd5 {[%emt 0:03:25]} 38. Nc3 {[%emt 0:00:11]} Rd7 {[%emt 0:00:35]} 39. Ne4 {[%emt 0:00:41]} Rgd8 {[%emt 0:00:34]} 40. Rd1 {[%emt 0:00:00]} Rd5 {[%emt 0:00:00]} 41. Nc3 {[%emt 0:01:32]} R5d7 {[%emt 0:06:57]} 42. Ne4 {[%emt 0:02:40]} Qf8 {[%emt 0:01:01]} 43. Rb3 {[%emt 0:00:12]} Kh8 {[%emt 0:03:02]} 44. Rdd3 {[%emt 0:00:53]} Qh6 {[%emt 0:00:35]} 45. Rb1 {[%emt 0:05:59]} Qxf4+ {[%emt 0:00:16]} 0-1

[Event "WYCC 2018 O14"]
[Site "Halkidiki"]
[Date "2018.10.21"]
[Round "3"]
[White "Egorov, Mikhail"]
[Black "Raja Rithvik R"]
[Result "1/2-1/2"]
[WhiteElo "2006"]
[BlackElo "2421"]
[Annotator "TA"]
[PlyCount "74"]
[EventDate "2018.10.20"]
[EventType "swiss"]
[EventCountry "GRE"]
[SourceTitle "playchess.com"]
[Source "ChessBase"]
[SourceQuality "1"]

{[%evp 18,74,13,18,19,8,12,-14,10,7,30,0,0,-16,-22,-22,-22,-39,-22,-30,-23,-47,-51,-45,-45,-46,-46,-99,-93,-96,-95,-130,-130,-123,-122,-106,-77,-174,-156,-214,-143,-263,-277,-305,-231,-210,-135,-173,-173,-158,-148,-147,-15,-34,-14,-102,0,1,3]} 1. Nf3 d5 2. d4 Nf6 3. c4 e6 4. g3 Bb4+ 5. Bd2 Bd6 (5... Be7 6. Bg2 O-O 7. O-O Nbd7 8. Nc3 c6 9. Bf4 dxc4 10. e4 Re8 11. a4 b6 12. d5 exd5 13. exd5 Bb7 14. a5 bxa5 15. d6 Bf8 16. Nd2 Nd5 17. Nxd5 cxd5 18. Nxc4 dxc4 19. Bxb7 {½-½ (42) Nakamura,H (2777)-Karjakin,S (2773) Saint Louis 2018}) 6. Bg2 {E01: Catalan: Early deviations} O-O 7. O-O c6 8. Qc2 Nbd7 9. b3 Ne4 10. Nc3 {LiveBook: 15 Games} Nxd2 11. Nxd2 f5 12. f4 Nf6 $146 ({Predecessor:} 12... Qe7) 13. Nf3 Ne4 14. e3 b6 15. Nxe4 (15. Ne5 {looks sharper.} Bb7 16. Na4 Qe7 17. Rac1 Ba3 18. Rcd1) 15... dxe4 16. Ne5 Qc7 17. Qe2 c5 18. Rfd1 Bb7 19. h3 Rad8 20. Rac1 g6 {[%cal Bg7g6,Bg6g5][%mdl 32]} 21. Kh2 Qg7 22. Rc2 (22. Bf1 $15) 22... cxd4 $17 23. exd4 g5 24. Rcc1 Kh8 25. Bh1 Rg8 26. Qe3 Rdf8 27. a3 (27. Rg1 $17) 27... h5 $19 {[%cal Bh7h5,Bh5h4][%mdl 32]} 28. b4 (28. Rf1 $17) 28... Qh6 {aiming for ...h4.} 29. Rg1 (29. fxg5 $17 Qxg5 30. Qxg5 Rxg5 31. c5 bxc5 32. bxc5) 29... h4 30. Rcf1 Bxe5 31. dxe5 Rd8 {[#] Threatens to win with ...Rd3.} 32. fxg5 Qxg5 ({Don't do} 32... Rxg5 33. g4 $17) 33. Qxg5 Rxg5 34. g4 Rdg8 (34... Kg7 $17 35. c5 bxc5) 35. Rf4 $11 R8g7 36. Rgf1 {[#]} (36. Rd1 $11 {keeps the balance.}) 36... fxg4 (36... Rd7 $1 $17 37. gxf5 Rd2+ 38. R4f2 Rxf2+ 39. Rxf2 exf5) 37. Bxe4 Bxe4 {Precision: White = 41%, Black = 70%.} 1/2-1/2